[Event "Nordsjaellands Weekend EMT 2020"]
[Site "Alleroed"]
[Date "2020.01.05"]
[Round "4.3"]
[White "Hardlei, Johan"]
[Black "Le Besq, Alexander"]
[Result "1-0"]
[WhiteElo "2100"]
[BlackElo "2194"]
[PlyCount "111"]
[EventDate "2020.01.??"]
[EventType "swiss"]
[EventRounds "5"]
[EventCountry "DEN"]

1. e4 c5 2. Nf3 g6 3. c4 Bg7 4. d4 cxd4 5. Nxd4 b6 6. Nc3 Bb7 7. Be3 Nc6 8. Qd2
Nf6 9. f3 Rc8 10. Be2 Ne5 11. b3 d6 12. O-O O-O 13. Rfd1 a6 14. a4 Re8 15. a5
bxa5 16. Nd5 Nfd7 17. Qxa5 Qxa5 18. Rxa5 Nc5 19. Nb6 Rc7 20. b4 Ncd7 21. Nxd7
Nxd7 22. Nb3 Bc3 23. Bd2 Bxd2 24. Rxd2 Rb8 25. c5 dxc5 26. Nxc5 Nxc5 27. bxc5
Rbc8 28. Rb2 Ra8 29. Rb6 Kf8 30. Kf2 Ke8 31. Ke3 Kd8 32. Kd4 Rd7+ 33. Kc3 Kc7
34. Bxa6 Bxa6 35. Raxa6 Rxa6 36. Rxa6 Rd1 37. Ra7+ Kd8 38. Kc4 h5 39. Kb5 Rb1+
40. Kc6 Rb8 41. Rd7+ Ke8 42. Kc7 Ra8 43. c6 f6 44. Rd2 Ra1 45. Kc8 Rb1 46. c7
Rb6 47. Rd8+ Kf7 48. Rd2 Ke8 49. Ra2 g5 50. Ra7 h4 51. Rb7 Rc6 52. Kb8 h3 53.
gxh3 Kf7 54. c8=Q Rxc8+ 55. Kxc8 Ke6 56. Kd8 1-0

[Event "Nordsjaellands Weekend EMT 2020"]
[Site "Alleroed"]
[Date "2020.01.05"]
[Round "4.4"]
[White "Ramsdal, Jens Albert"]
[Black "Hansen, Lars"]
[Result "1-0"]
[WhiteElo "2299"]
[BlackElo "2230"]
[PlyCount "111"]
[EventDate "2020.01.??"]
[EventType "swiss"]
[EventRounds "5"]
[EventCountry "DEN"]

1. d4 Nf6 2. Bf4 e6 3. e3 b6 4. Nf3 Bb7 5. Nbd2 d6 6. Bd3 Nbd7 7. O-O Qe7 8.
Bg3 g6 9. a4 a5 10. c3 Bg7 11. Nc4 O-O 12. Nfd2 Nh5 13. b4 Nxg3 14. hxg3 axb4
15. cxb4 d5 16. Na3 Qxb4 17. Nc2 Qd6 18. Qb1 Rfb8 19. Rc1 e5 20. Ra2 Ra7 21.
dxe5 Bxe5 22. Nf3 Rba8 23. Ncd4 c6 24. Bc2 Bf6 25. Bd1 Bd8 26. Ne1 Nc5 27. Qb4
Qf6 28. Rca1 h5 29. Qb1 Bc7 30. Qc2 Ne4 31. Nef3 Ra5 32. Nb3 R5a7 33. Nbd4 Qd6
34. Nh4 Bd8 35. Nhf3 Qc5 36. Ne5 Qxc2 37. Bxc2 Rc8 38. Bxe4 dxe4 39. Rc1 Bf6
40. Nexc6 Kg7 41. Nb5 Raa8 42. Rac2 Bxc6 43. Rxc6 Rxc6 44. Rxc6 Rxa4 45. Nd6
Rb4 46. Ne8+ Kf8 47. Nxf6 Rb1+ 48. Kh2 Rb2 49. Nxe4 f5 50. Ng5 Kg7 51. f3 b5
52. Ne6+ Kf7 53. Nf4 b4 54. Nxg6 b3 55. Ne5+ Ke7 56. Rb6 1-0

[Event "Nordsjaellands Weekend EMT 2020"]
[Site "Alleroed"]
[Date "2020.01.05"]
[Round "4.5"]
[White "Thuesen, Mogens Henrik"]
[Black "Moe, Mogens"]
[Result "0-1"]
[WhiteElo "2214"]
[BlackElo "2149"]
[PlyCount "37"]
[EventDate "2020.01.??"]
[EventType "swiss"]
[EventRounds "5"]
[EventCountry "DEN"]

1. d4 Nf6 2. c4 g6 3. Nc3 d5 4. Nf3 Bg7 5. Qa4+ c6 6. cxd5 Nxd5 7. e4 Nb6 8.
Qd1 Bg4 9. Be3 e5 10. d5 O-O 11. h3 Bxf3 12. Qxf3 cxd5 13. exd5 f5 14. Bc5 e4
15. Qe3 f4 16. Qe2 Re8 17. Qg4 N8d7 18. Bxb6 Qxb6 19. Qxf4 0-1

[Event "Nordsjaellands Weekend EMT 2020"]
[Site "Alleroed"]
[Date "2020.01.05"]
[Round "4.6"]
[White "Strange, Mikkel"]
[Black "Nilssen, Ellen Fredericia"]
[Result "1-0"]
[WhiteElo "2338"]
[BlackElo "2061"]
[PlyCount "111"]
[EventDate "2020.01.??"]
[EventType "swiss"]
[EventRounds "5"]
[EventCountry "DEN"]

1. Nf3 e6 2. d4 d5 3. e3 Nf6 4. Be2 c5 5. O-O Bd6 6. a3 O-O 7. dxc5 Bxc5 8. b4
Bd6 9. Bb2 Qe7 10. Nbd2 Rd8 11. c4 dxc4 12. Bxc4 Nbd7 13. Qe2 a6 14. e4 Ng4 15.
Rfd1 Nge5 16. Ba2 b5 17. Nd4 Bb7 18. f4 Ng6 19. g3 Bxf4 20. gxf4 Nxf4 21. Qg4
Ne5 22. Qxf4 Nd3 23. Qe3 Nxb2 24. Rf1 Rxd4 25. Qxd4 Rd8 26. Bd5 exd5 27. e5 Nc4
28. Nf3 Bc8 29. a4 h6 30. axb5 axb5 31. Qf4 Re8 32. Rae1 Be6 33. Nd4 Qg5+ 34.
Qxg5 hxg5 35. Rf2 Bd7 36. Rfe2 Kh7 37. e6 fxe6 38. Nxe6 Bxe6 39. Rxe6 Rd8 40.
Re8 Rd7 41. R1e7 Rd6 42. Re6 Rd7 43. R8e7 Rd8 44. Rc7 d4 45. Ree7 Nb6 46. Rxg7+
Kh6 47. Rh7+ Kg6 48. Rcg7+ Kf5 49. Rh5 d3 50. Rhxg5+ Kf4 51. Rg4+ Kf3 52. Rg3+
Kf4 53. R7g4+ Kf5 54. Rg5+ Kf4 55. Kf2 d2 56. R3g4# 1-0

[Event "Nordsjaellands Weekend EMT 2020"]
[Site "Alleroed"]
[Date "2020.01.05"]
[Round "4.7"]
[White "Nielsen, Morten"]
[Black "Gregor, Bjarke"]
[Result "1/2-1/2"]
[WhiteElo "2044"]
[BlackElo "2124"]
[PlyCount "78"]
[EventDate "2020.01.??"]
[EventType "swiss"]
[EventRounds "5"]
[EventCountry "DEN"]

1. d4 Nf6 2. c4 e6 3. Nf3 b6 4. g3 Ba6 5. b3 Bb4+ 6. Bd2 Be7 7. Bg2 c6 8. O-O
d5 9. Ne5 Nfd7 10. Nxd7 Nxd7 11. cxd5 cxd5 12. Re1 Bb7 13. Bf4 Nf6 14. Qd3 O-O
15. Nc3 Rc8 16. Rec1 Bd6 17. Bg5 h6 18. Bd2 Qd7 19. a4 Bb4 20. Bf3 Rfd8 21. Bf4
a6 22. Kg2 Rc6 23. h4 Rdc8 24. Nd1 Rxc1 25. Rxc1 Rxc1 26. Bxc1 Qc6 27. Bd2 Bd6
28. Qc3 Ne4 29. Qxc6 Bxc6 30. Bxe4 dxe4 31. Ne3 b5 32. axb5 axb5 33. b4 h5 34.
Bc3 f5 35. f4 exf3+ 36. exf3 f4 37. Nf1 Kf7 38. Bd2 fxg3 39. Nxg3 Bxg3 1/2-1/2

[Event "Nordsjaellands Weekend EMT 2020"]
[Site "Alleroed"]
[Date "2020.01.05"]
[Round "5.1"]
[White "Jacobsen, Mikkel Manosri"]
[Black "Hardlei, Johan"]
[Result "1/2-1/2"]
[WhiteElo "2300"]
[BlackElo "2100"]
[PlyCount "80"]
[EventDate "2020.01.??"]
[EventType "swiss"]
[EventRounds "5"]
[EventCountry "DEN"]

1. d4 Nf6 2. c4 c5 3. d5 e6 4. Nc3 exd5 5. cxd5 d6 6. e4 g6 7. Nf3 Bg7 8. Nd2
O-O 9. Be2 a6 10. a4 Nbd7 11. O-O Qe7 12. Ra3 h5 13. h3 Nh7 14. Kh1 b6 15. f4
Re8 16. Bd3 Ndf8 17. Nc4 Rb8 18. Rb3 Bxc3 19. bxc3 b5 20. axb5 axb5 21. Nd2
Bxh3 22. gxh3 c4 23. Bxc4 bxc4 24. Rxb8 Rxb8 25. Qf3 Re8 26. Ba3 Qc7 27. Bb4
Nd7 28. Qf2 Nhf6 29. Qd4 Qb6 30. Qxb6 Nxb6 31. Bxd6 Nxe4 32. Nxe4 Rxe4 33. Rd1
Re3 34. Be5 Rxh3+ 35. Kg2 Rd3 36. Rb1 f6 37. Rxb6 fxe5 38. fxe5 Rxd5 39. Rxg6+
Kf7 40. Rc6 Rxe5 1/2-1/2

[Event "Nordsjaellands Weekend EMT 2020"]
[Site "Alleroed"]
[Date "2020.01.05"]
[Round "5.2"]
[White "Ramsdal, Jens Albert"]
[Black "Hector, Jonny"]
[Result "0-1"]
[WhiteElo "2299"]
[BlackElo "2481"]
[PlyCount "86"]
[EventDate "2020.01.??"]
[EventType "swiss"]
[EventRounds "5"]
[EventCountry "DEN"]

1. c4 e5 2. Nc3 Bb4 3. Nd5 a5 4. Nf3 d6 5. g3 Ne7 6. Bg2 Be6 7. O-O c6 8. Nxb4
axb4 9. d3 f6 10. Bd2 c5 11. a3 bxa3 12. Rxa3 Rxa3 13. bxa3 O-O 14. Qb3 b6 15.
Rb1 Nd7 16. Ne1 Qe8 17. Qa4 Qf7 18. Nc2 d5 19. cxd5 Nxd5 20. Ne3 Nxe3 21. fxe3
Bd5 22. Bh3 Be6 23. Bg2 Ba2 24. Qc6 Re8 25. Rb2 Be6 26. a4 f5 27. a5 bxa5 28.
Bxa5 c4 29. Rb7 cxd3 30. exd3 e4 31. dxe4 fxe4 32. Qd6 Qf6 33. Qd4 Ne5 34. Rb1
Rf8 35. Rf1 Qxf1+ 36. Bxf1 Nf3+ 37. Kg2 Nxd4 38. exd4 Bh3+ 39. Kxh3 Rxf1 40.
Kg2 Rd1 41. Kf2 Rd3 42. Bb6 Kf7 43. h4 h5 0-1

[Event "Nordsjaellands Weekend EMT 2020"]
[Site "Alleroed"]
[Date "2020.01.05"]
[Round "5.3"]
[White "Moe, Mogens"]
[Black "Thorsbro, Peter"]
[Result "1-0"]
[WhiteElo "2149"]
[BlackElo "2148"]
[PlyCount "78"]
[EventDate "2020.01.??"]
[EventType "swiss"]
[EventRounds "5"]
[EventCountry "DEN"]

1. e4 e5 2. Nf3 Nc6 3. d4 exd4 4. Nxd4 Nf6 5. Nxc6 bxc6 6. e5 Qe7 7. Qe2 Nd5 8.
c4 Nb6 9. Nc3 Qe6 10. Qe4 Bb4 11. Bd2 O-O 12. O-O-O Bxc3 13. Bxc3 d5 14. cxd5
cxd5 15. Qh4 c5 16. Bd3 h6 17. Kb1 d4 18. Bd2 Bb7 19. f4 c4 20. f5 Qxe5 21.
Rhe1 Qb5 22. Bxh6 Na4 23. Rd2 Rfe8 24. Rxe8+ Rxe8 25. Bxg7 f6 26. Bxf6 Re3 27.
Bxd4 cxd3 28. Qg5+ Kf7 29. Bxe3 Nc3+ 30. Ka1 Ne4 31. Qg6+ Ke7 32. Rd1 Bd5 33.
Qg7+ Ke8 34. Qxa7 d2 35. f6 Nxf6 36. Bxd2 Ne4 37. Bf4 Be6 38. Qa8+ Kf7 39. Qxe4
Qd5 1-0

[Event "Nordsjaellands Weekend EMT 2020"]
[Site "Alleroed"]
[Date "2020.01.05"]
[Round "5.4"]
[White "Hansen, Lars"]
[Black "Strange, Mikkel"]
[Result "1-0"]
[WhiteElo "2230"]
[BlackElo "2338"]
[PlyCount "45"]
[EventDate "2020.01.??"]
[EventType "swiss"]
[EventRounds "5"]
[EventCountry "DEN"]

1. e4 e5 2. Nf3 Nf6 3. Nxe5 d6 4. Nf3 Nxe4 5. Nc3 Nxc3 6. dxc3 Be7 7. Be3 O-O
8. Qd2 Nd7 9. O-O-O c6 10. Bd3 d5 11. h4 Nc5 12. Bxc5 Bxc5 13. Rde1 h6 14. Ne5
d4 15. Qf4 Qf6 16. Qe4 g6 17. cxd4 Bf5 18. Qf4 Bd6 19. g4 Qe6 20. gxf5 Qxa2 21.
fxg6 Bxe5 22. Qxe5 fxg6 23. Qe6+ 1-0

[Event "Nordsjaellands Weekend EMT 2020"]
[Site "Alleroed"]
[Date "2020.01.05"]
[Round "5.5"]
[White "Hoi, Carsten"]
[Black "Le Besq, Alexander"]
[Result "1-0"]
[WhiteElo "2316"]
[BlackElo "2194"]
[PlyCount "116"]
[EventDate "2020.01.??"]
[EventType "swiss"]
[EventRounds "5"]
[EventCountry "DEN"]

1. d4 Nf6 2. c4 e6 3. Nc3 d5 4. Bg5 Nbd7 5. e3 Be7 6. Nf3 O-O 7. Rc1 c6 8. Bd3
dxc4 9. Bxc4 b5 10. Bd3 Bb7 11. O-O a6 12. Bxf6 Nxf6 13. Ne4 Qd5 14. Nxf6+ Bxf6
15. Qc2 g6 16. Be4 Qd6 17. Qc5 Qxc5 18. Rxc5 Be7 19. Rc2 Rac8 20. Rfc1 Rc7 21.
Ne5 Rfc8 22. f4 f6 23. Nxc6 Bxc6 24. Bxc6 Kg7 25. Kf2 f5 26. Ke2 Kf6 27. Kd3
Bd6 28. g3 Ke7 29. a3 b4 30. a4 a5 31. b3 Kf6 32. Rc4 Rg8 33. Bb5 Rgg7 34. Rc6
h5 35. R1c2 Rxc6 36. Rxc6 Bb8 37. Bc4 Re7 38. d5 Kf7 39. dxe6+ Kf6 40. e4 fxe4+
41. Kxe4 Ba7 42. Ra6 Bg1 43. h3 Ra7 44. e7+ Kxe7 45. Rxg6 Kf8 46. Rg8+ Ke7 47.
Rg7+ Kf6 48. Rxa7 Bxa7 49. g4 hxg4 50. hxg4 Bb8 51. g5+ Kg6 52. Kf3 Bd6 53. Kg4
Bc5 54. f5+ Kh7 55. f6 Kg6 56. Bd3+ Kf7 57. Kf5 Bd4 58. g6+ Ke8 1-0

[Event "Nordsjaellands Weekend EMT 2020"]
[Site "Alleroed"]
[Date "2020.01.05"]
[Round "5.6"]
[White "Liu, Casper Yukun"]
[Black "Thuesen, Mogens Henrik"]
[Result "1-0"]
[WhiteElo "2183"]
[BlackElo "2214"]
[PlyCount "49"]
[EventDate "2020.01.??"]
[EventType "swiss"]
[EventRounds "5"]
[EventCountry "DEN"]

1. d4 Nf6 2. Bg5 c5 3. Bxf6 gxf6 4. dxc5 Na6 5. e3 Nxc5 6. Nf3 b6 7. a4 Bb7 8.
a5 Bg7 9. Nd4 f5 10. Nc3 e6 11. a6 Be4 12. f3 Bc6 13. b4 Qh4+ 14. g3 Qg5 15.
Kf2 f4 16. gxf4 Qh4+ 17. Ke2 Qh5 18. bxc5 Bxd4 19. Qxd4 Bxf3+ 20. Kd2 e5 21.
Qd6 Bxh1 22. Be2 Qf5 23. Rxh1 Rc8 24. Bg4 Qxg4 25. Qxe5+ 1-0

[Event "Nordsjaellands Weekend EMT 2020"]
[Site "Alleroed"]
[Date "2020.01.05"]
[Round "5.7"]
[White "Gregor, Bjarke"]
[Black "Nilssen, Ellen Fredericia"]
[Result "0-1"]
[WhiteElo "2124"]
[BlackElo "2061"]
[PlyCount "62"]
[EventDate "2020.01.??"]
[EventType "swiss"]
[EventRounds "5"]
[EventCountry "DEN"]

1. e4 e6 2. d4 d5 3. Nc3 Bb4 4. e5 c5 5. a3 Bxc3+ 6. bxc3 Qa5 7. Bd2 Qa4 8. Qg4
g6 9. Qd1 c4 10. h4 h6 11. Qc1 Nc6 12. Rb1 b6 13. Nf3 Bd7 14. Be2 O-O-O 15. Bf4
Rf8 16. g4 Rh7 17. Nd2 Qa5 18. Rh3 f6 19. exf6 Rxf6 20. Be5 Nxe5 21. dxe5 Rf8
22. Rb4 Ne7 23. f4 Nc6 24. Nf3 Rhf7 25. f5 exf5 26. gxf5 Rxf5 27. Rg3 Nxe5 28.
Nxe5 Rxe5 29. Rxg6 Rfe8 30. Rg2 Bh3 31. Qxh6 R5e6 0-1